000 00688cam a22002413a 4500
001 23193
003 PGUSA
005 20140828083508.0
008 071025s2007||||xxu|||||s|||||000 1 eng d
040 _aPGUSA
_beng
042 _adc
050 4 _aPR
100 1 _aReid, Mayne,
_d1818-1883
245 1 4 _aThe White Chief :
_bA Legend of Northern Mexico
_h[electronic resource] /
_cMayne Reid
260 _bProject Gutenberg,
_c2007
506 _aPublic domain in the USA.
516 _aElectronic text
653 _aSouthwest, New -- History -- Fiction
700 1 _aEvans, L.
830 0 _aProject Gutenberg
_v23193
856 4 0 _uhttp://www.gutenberg.org/ebooks/23193
942 _cEB
999 _c252448
_d252448